000 00448pab a2200157 454500
008 180718b2009 xxu||||| |||| 00| 0 eng d
100 _aMcGovern, Stephen J.
245 _aMoboilization on the waterfront: the ideological/cultural roots of potential regime change in Philadelphia
260 _c2009
300 _ap.663-94.
362 _aMay
650 _aPolitical culture
773 _aUrban Affairs Quarterly
908 _aN
909 _a82871
999 _c82871
_d82871